000 00286nam a2200121Ia 4500
008 200615s9999||||xx |||||||||||||| ||und||
082 _a650
_bBAS-S
100 _aSJ,MCGRATH
245 0 _aBASIC MANAGERIAL SKILLS FOR ALL
250 _a3RD
260 _aNew Delhi
_bPHI
_c2018
942 _cBK
999 _c26308
_d26308